Les pays les plus anciens du monde - Statistiques

Statistiques générales
  • Ce quiz a été pris 228 fois
  • Le résultat moyen est 17 sur 30
Statistiques - réponses
Pays les plus anciens au monde % Correct
France
94%
Chine
93%
Japon
90%
Egypte
86%
Royaume Uni
85%
Grèce
80%
Inde
80%
Allemagne
75%
Iran
71%
Maroc
71%
Suède
68%
Norvège
65%
Algérie
64%
Mongolie
64%
Danemark
63%
Pologne
63%
Ethiopie
56%
Islande
49%
Hongrie
46%
Ukraine
46%
Arménie
43%
Bulgarie
40%
Géorgie
37%
Serbie
36%
République Tchèque
33%
Croatie
28%
Myanmar
25%
Saint Marin
25%
Sri Lanka
25%
Bangladesh
17%
Aucun quiz correspondant
Distribution des résultats
% des personnes avec chaque résultat
Percentile par nombre de réponses
Votre historique - résultats
Vous n’avez pas pris ce quiz